Resonancia magnética. (Registro nro. 2571)

Detalles MARC
000 -LEADER
fixed length control field 01475nam a2200325 a 4500
005 - FECHA ULTIMA MODIFICACION
control field 20240416133742.0
008 - CAMPO DE CONTROL (LIBRO)
fixed length control field 100930t2007||||ag a f |||| 001 0 spa d
020 ## - INTERNATIONAL STANDARD BOOK NUMBER
ISBN 9789500604451
041 ## - CODIGO DE IDIOMA
Código de idioma del texto/pista de sonido o título separado spa
092 ## - SIGNATURA TOPOGRAFICA DEWEY LOCAL
número de clasificación 616.075
libristica 79
sección SIE
100 1# - ENTRADA PRINCIPAL--NOMBRE PERSONAL
Nombre personal Siegelman, Evan S.
9 (RLIN) 3371
245 ## - TITULO PROPIAMENTE DICHO
Título Resonancia magnética.
Subtítulo y Título paralelo Tórax, abdomen y pelvis. Aplicaciones clínicas /
Mención de responsabilidad y remanente de la transcripción de la portada Evan S. Siegelman
250 ## - MENCION DE EDICION
Mención de edición 1a ed.
260 ## - PIE DE IMPRENTA
Lugar de publicación, distribución, etc Buenos Aires:
Nombre de la editorial, distribuidor, etc Editorial Médica Panamericana;
Fecha de publicación 2007.
300 ## - DESCRIPCION FISICA
Extension 588 p.
Otros detalles físicos il.
Dimensiones 28x20 cm.
500 ## - NOTA GENERAL
Nota general Siegelman, E. S. (2007). Resonancia magnética. Tórax, abdomen y pelvis. Aplicaciones clínicas. (1a ed.). Buenos Aires : Editorial Médica Panamericana.
590 ## - NOTAS LOCALES (RLIN)
Nota local Donación Noviembre 2017.
653 ## - TÉRMINO INDIZADO - PALABRAS CLAVES
Palabra clave Técnicas de resonancia magnética y resonancia magnética de hígado
653 ## - TÉRMINO INDIZADO - PALABRAS CLAVES
Palabra clave Resonancia magnética de los conductos biliares, la vesicula biliar y el páncreas
653 ## - TÉRMINO INDIZADO - PALABRAS CLAVES
Palabra clave Resonancia magnética de las glándulas suprarrenales
653 ## - TÉRMINO INDIZADO - PALABRAS CLAVES
Palabra clave Resonancia magnética renal
653 ## - TÉRMINO INDIZADO - PALABRAS CLAVES
Palabra clave Resonancia magnética del bazo
653 ## - TÉRMINO INDIZADO - PALABRAS CLAVES
Palabra clave Resonancia magnética del retroperitoneo y el peritoneo
653 ## - TÉRMINO INDIZADO - PALABRAS CLAVES
Palabra clave Resonancia magnética de la pelvis femenina
653 ## - TÉRMINO INDIZADO - PALABRAS CLAVES
Palabra clave Resonancia magnética fetal
653 ## - TÉRMINO INDIZADO - PALABRAS CLAVES
Palabra clave Resonancia magnética de la pelvis masculina y la vejiga
653 ## - TÉRMINO INDIZADO - PALABRAS CLAVES
Palabra clave Resonancia magnética de mama
653 ## - TÉRMINO INDIZADO - PALABRAS CLAVES
Palabra clave Resonancia magnética y arteriografía por resonancia magnética de la aorta
942 ## - ADDED ENTRY ELEMENTS (KOHA)
Source of classification or shelving scheme Dewey Decimal Classification
Item type Libros
Existencias
Estado de retiro Existencia Fuente de clasificación Estado general No para prestamo Ubicación permanente ubicación actual Sala de ubicación Fecha de adquisición Fuente de adquisición Total Checkouts Número de clasificación Código de barras Date last seen Date last borrowed Número de ejemplar Price effective from Koha tipo de elemento (item) Public note
    Dewey Decimal Classification     Biblioteca Medicina Biblioteca Medicina Circulación 13/11/2017 Donación Dr. Jorge Noberto Troba. Noviembre, 2017. 1 616.075 79 SIE 4036 20/02/2018 14/12/2017 Ej. 1 13/11/2017 Libros Donación Dr. Jorge Noberto Troba. Noviembre, 2017.

UNIVERSIDAD NACIONAL DEL COMAHUE
Biblioteca de la Facultad de Ciencias Médicas
Sede Toschi: Los Arrayanes y Av. Toschi, Cipolletti  - Rio Negro
Sede Los Tordos:  Yrigoyen al 2211, Cipolletti - Rio Negro 

Teléfono: 0299 - 4774707 int 25
Contacto: biblioteca@facimed.uncoma.edu.ar
© 2011 - 2026